000 02685cam a22004098i 4500
001 22748126
003 OSt
005 20230921121557.0
008 220812s2022 enk b 001 0 eng
010 _a 2022038091
020 _a9781009180290
_q(hardback)
020 _z9781009180306
_q(ebook)
040 _aDLC
_beng
_erda
_cDLC
042 _apcc
043 _aa-ii---
050 0 0 _aBL2765.I4
_bN37 2022
082 0 0 _a211.60954
_bNAT/S
084 _aPOL010000
_2bisacsh
100 1 _aNath, Sushmita,
_eauthor.
245 1 4 _aThe secular imaginary :
_bGandhi, Nehru, and the idea(s) of India /
_cSushmita Nath.
263 _a2211
264 1 _aCambridge, United Kingdom ;
_aNew York, NY, USA :
_bCambridge University Press,
_c2022.
300 _apages cm
336 _atext
_btxt
_2rdacontent
337 _aunmediated
_bn
_2rdamedia
338 _avolume
_bnc
_2rdacarrier
504 _aIncludes bibliographical references and index.
520 _a"Given the popularity and success of the Hindu right in India's electoral politics today, how may one study ostensibly 'Western' concepts and ideas, such as the secular and its family of cognates, like secularism, secularisation and secularity, in non-Western societies without assuming them to be simply derivative or colonial legacies or contrast cases of Western societies? In other words, what is the discourse of secularity in modern India? While recognising that the dominant language of political modernity of Western societies is not easily translatable in non-Western societies, The Secular Imaginary elaborates upon an intellectual history of secularity in modern India by focusing on the two most influential political leaders - M. K. Gandhi and Jawaharlal Nehru. It is an intellectual history of both idea(s) and intellectuals which sheds light on Indian narratives of secularity - the Gandhian sarva dharma samabhava, Nehruvian secularism and 'unity in diversity'. It revisits this dominant narrative of secularity of the twentieth century, which influenced and shaped the imagination of the modern nation-state"--
_cProvided by publisher.
600 1 0 _aGandhi,
_cMahatma,
_d1869-1948.
600 1 0 _aNehru, Jawaharlal,
_d1889-1964.
650 0 _aSecularism
_zIndia.
650 7 _aPOLITICAL SCIENCE / History & Theory
_2bisacsh
776 0 8 _iOnline version:
_aNath, Sushmita.
_tSecular imaginary
_dCambridge, United Kingdom ; New York, NY, USA : Cambridge University Press, 2022
_z9781009180306
_w(DLC) 2022038092
906 _a7
_bcbc
_corignew
_d1
_eecip
_f20
_gy-gencatlg
942 _2ddc
_cBK
_h211.60954
_iNAT/S
_k211.60954
_mNAT/S
999 _c42240
_d42240